Detalles MARC
| 000 -CABECERA |
| campo de control de longitud fija |
00867nam a2200241 a 4500 |
| 001 - NÚMERO DE CONTROL |
| campo de control |
000046348 |
| 003 - IDENTIFICADOR DEL NÚMERO DE CONTROL |
| campo de control |
DO-SdBNP |
| 005 - FECHA Y HORA DE LA ÚLTIMA TRANSACCIÓN |
| campo de control |
20240228085406.0 |
| 007 - CAMPO FIJO DE DESCRIPCIÓN FÍSICA--INFORMACIÓN GENERAL |
| campo de control de longitud fija |
ta |
| 008 - DATOS DE LONGITUD FIJA--INFORMACIÓN GENERAL |
| campo de control de longitud fija |
150731s2000 dr a 000 0 spa d |
| 040 ## - FUENTE DE LA CATALOGACIÓN |
| Centro catalogador/agencia de origen |
DO-SdBNP |
| Lengua de catalogación |
spa |
| Centro/agencia transcriptor |
BNPHU |
| 082 ## - NÚMERO DE LA CLASIFICACIÓN DECIMAL DEWEY |
| Número de clasificación |
xxx |
| Número de documento/Ítem |
B453U |
| Número de edición |
22 |
| 100 1# - ENTRADA PRINCIPAL--NOMBRE DE PERSONA |
| Nombre de persona |
Ureña de Henríquez, Salomé , |
| Fechas asociadas al nombre |
1850-1897 |
| 9 (RLIN) |
920 |
| 245 13 - MENCIÓN DE TÍTULO |
| Título |
Reseña histórica acerca de la vida y obra de la insigne educadora y poeta dominicana Salomé Ureña de Henríquez / |
| Mención de responsabilidad, etc. |
Nurys Beltré , Yrma Stamers |
| 246 ## - FORMA VARIANTE DE TÍTULO |
| Título propio/Titulo breve |
Salomé Ureña de Henríquez : |
| Resto del título |
150 aniversario de su nacimiento 1850-2000 |
| 250 ## - MENCIÓN DE EDICIÓN |
| Mención de edición |
Revisada y actualizada |
| 260 ## - PUBLICACIÓN, DISTRIBUCIÓN, ETC. |
| Lugar de publicación, distribución, etc. |
Santo Domingo : |
| Nombre del editor, distribuidor, etc. |
Secretaría de Estado de Educación, |
| Fecha de publicación, distribución, etc. |
2000 |
| 300 ## - DESCRIPCIÓN FÍSICA |
| Extensión |
28 p. : |
| Otras características físicas |
il., ; |
| Dimensiones |
28 cm. |
| 590 ## - NOTA LOCAL (RLIN) |
| Nota local |
Inventariado, 2022 / DG |
| 700 1# - PUNTO DE ACCESO ADICIONAL--NOMBRE DE PERSONA |
| Nombre de persona |
Stamers, Yrma |
| Término indicativo de función/relación |
autora |
| 9 (RLIN) |
55053 |
| 910 ## - DATOS DE OPCIÓN DEL USUARIO (OCLC) |
| Datos de opción del usuario |
DG |
| 942 ## - ELEMENTOS DE PUNTO DE ACCESO ADICIONAL (KOHA) |
| Fuente del sistema de clasificación o colocación |
Dewey Decimal Classification |
| Tipo de ítem Koha |
Folleto |